|
|
|
|
| LEADER |
00000nam a2200000 a 4500 |
| 001 |
UCN6911 |
| 003 |
CL-VaPUC |
| 008 |
011005e20010000CL |||||||||||||||||spa|d |
| 082 |
0 |
4 |
|a 307.14
|b ESP
|2 21
|
| 245 |
1 |
3 |
|a El espacio regional: hacia la consolidación de los asentamientos humanos en América Latina y el Caribe
|
| 300 |
|
|
|a 160 p
|
| 942 |
|
|
|c BK
|
| 945 |
|
|
|d 20011005 00:00:00
|a crobeson
|
| 260 |
|
|
|a Santiago
|b CEPAL
|c 2001
|
| 650 |
|
0 |
|a Asentamientos humanos
|9 316963
|
| 650 |
|
0 |
|a Espacios urbanos
|9 262902
|
| 650 |
|
0 |
|a Calidad de vida
|9 322944
|
| 651 |
|
0 |
|a América Latina
|9 255027
|
| 583 |
|
|
|a last modification
|c 20011005 00:00:00
|k Rodrigo Vera
|
| 999 |
|
|
|c 297476
|d 297474
|
| 952 |
|
|
|0 0
|1 0
|4 0
|6 307_140000000000000_ESP_2001
|7 0
|8 A
|9 352254
|a BIBGIM
|b BIBGIM
|d 2019-11-21
|i 3739368
|o 307.14 ESP 2001
|p 3739368
|r 2025-01-15
|w 2019-11-21
|y BK
|k GIM
|
| 952 |
|
|
|0 0
|1 0
|4 0
|6 307_140000000000000_ESP_2001
|7 0
|8 A
|9 352255
|a BIBGIM
|b BIBGIM
|d 2019-11-21
|i 3749835
|o 307.14 ESP 2001
|p 3749835
|r 2025-01-15
|w 2019-11-21
|y BK
|k GIM
|